| 000 | 00615nam a22002057a 4500 | ||
|---|---|---|---|
| 999 |
_c16280 _d16280 |
||
| 003 | AR-CdUCM | ||
| 008 | 190502b ||||| |||| 00| 0 spa d | ||
| 040 |
_aMUNICIPALIDAD PROVINCIAL DEL CUSCO _cBIBLIOTECA MUNICIPAL DEL CUSCO |
||
| 082 |
_a186 / _bC49 |
||
| 100 |
_aCicerón _917376 |
||
| 245 | _aLas leyes, la vejes, la amistad / | ||
| 260 |
_aSantiago : _bErcilla, |
||
| 300 |
_a189 páginas ; _c18 cm. |
||
| 505 | _aContenido : Las leyes -- La vejes -- La amistad ... | ||
| 650 |
_aSociología _9276 |
||
| 650 |
_aEtapas _935632 |
||
| 650 |
_aVida _9884 |
||
| 942 |
_2ddc _cLIBROS |
||
| 945 |
_arah _d02/05/2019 |
||